000 00856nam a22002297a 4500
005 20250116062348.0
008 250116b |||||||| |||| 00| 0 eng d
020 _a978-621-451-024-5
082 _aFil. 372.6 T253 2022
100 _aAlda, Rivika C.
245 _aTeaching and assessment of the microskills /
_cRivika C. Alda, Ethel L. Abao, Filomena T. Dayagbil, Judith D. Dalagan
260 _aQuezon City:
_bLorimar Publishing,
_cc2022
300 _axii, 148p.:
_bill.
504 _aIncludes bibliographical references
541 _e7703 c.1, 7704 c.2
650 _aLanguage arts - Study and teaching (Elementary)
650 _aLanguage - Ability testing
650 _aCommunication skills - Study and teaching (Elementary)
700 _aAbao, Ethel L.
_eauthor
700 _aDayagbil, Filomena T.
_eauthor
700 _aDalagan, Judith D.
_eauthor
999 _c2356
_d2356